000 00521nam a2200181Ia 4500
003 IN-BaIIA
008 211028s9999 xx 000 0 eng d
040 _cIIA Library
080 _a52
_bSHA
100 _aShapley, Harlow
245 0 _aBeyond the observatory
_cHarlow Shapley
260 _aNew York
_bCharles Scribner's Sons
_c1967
300 _a222p.
650 _aAstronomy
_980
650 _aAstronomy and astrophysics thesaurus
650 _aObservatories
942 _cBK
999 _c3310
_d3310